Vertikaľno-frakcionnoje raspredelenije fitomassy v lesach

Gespeichert in:
Bibliographische Detailangaben
Format: Buch
Veröffentlicht: Moskva : Nauka, 1986
Tags: Tag hinzufügen
Keine Tags, Fügen Sie das erste Tag hinzu!

MARC

LEADER 00000nam a22000003a 4500
001 stu19813
005 20141122080404.4
008 ------s1986----xxr---------------------d
040 |a STU  |b slo 
041 0
044 |a xxr 
080 |a 634.0.8 
245 |a Vertikaľno-frakcionnoje raspredelenije fitomassy v lesach 
260 |a Moskva :  |b Nauka,  |c 1986 
300 |a 260 s :  |b Tab.,lit 
996 |b C78642  |c C*78642  |l CCVIIIB  |s P  |a 0  |w stu19813_0001